Регионална библиотека "Любен Каравелов" - Русе

В защита на политиката (Запис номер 25790)

MARC детайли
000 -Лидер
Контролно поле с фиксирана дължина 00952nam a2200289 c 4500
003 - Код на организацията, давaща контролен номер
Контролно поле BLK
005 - Дата и час на последна редакция
Контролно поле 20180420220030.0
008 - Елементи от данни с фиксирана дължина
fixed length control field 180413b bul|||||r ||||||| ||bul||
010 ## - Наследен системен номер
LC control number KNG00028335000
020 ## - Международен стандартен номер на книга ISBN
Международен стандартен номер на книга ISBN 954-07-1072-3
-- издат.: Св. Климент Охридски
040 ## - Източник на каталожния запис
Идентификатор на билиотеката - собственик на записа BLK
041 ## - Код за език
Код за езика на текст/звукозапис или на отделно заглавие Български
Код за езика КДБФ Български
080 ## - УДК
Текстов определител УДК Политика. Вж и 341 ; 342
УДК код - определител по УДК 32
УДК определител .01
УДК - код + определител 32.01
100 1# - Редна дума - Автор
Автор Крик, Бърнард
Авторска отговорност първи автор
R(LIN) 268370
139 ## - Редно поле
Редна дума Крик, Бърнард
Авторски знак Кре - К 90
245 10 - Сведения за заглавието
Заглавие В защита на политиката
Редно поле (дума) Бърнард Крик.
257 ## - Страна на издаване
Страна на създаване/издаване Съединени американски щати
260 ## - Област на издателските данни
-- София
Име на издателя, разпространителя и проч. Св. Климент Охридски
Година на издаване 1998
300 ## - Физическа характеристика
Страници 236 с.
Размери/Мащаб 20 см
380 ## - Жанр
Жанр Обществени науки
500 ## - Общи забележки
Забележка Деп. списък: депозит сп.27
852 ## - Местоположение
Форматна сигнатура Цб 201121
856 4# - Електронен адрес и достъп
Електронен формат pdf - файл
Път до файла /url/
856 4# - Електронен адрес и достъп
Електронен формат pdf - файл
Път до файла /url/
942 ## - АРТИКУЛИ
Вид на библиотечния материал Книги
Скрит в OPAC Не
944 ## - СЪЗДАВАНЕ И РЕДАКЦИЯ на ЗАПИСА
Създаване/Редакция Създаване
Дата на регистрацията/редакция 15.01.2003
Служител, извършил регистрацията/редакцията AB_DOS
944 ## - СЪЗДАВАНЕ И РЕДАКЦИЯ на ЗАПИСА
Създаване/Редакция Редакция
Дата на регистрацията/редакция 12.01.2017
Служител, извършил регистрацията/редакцията Виктор_Иванов
999 ## - СИСТЕМНИ КОНТРОЛНИ НОМЕРА
Koha biblionumber 25790
Koha biblioitemnumber 25790
Наличности
Код за отписване Код за изгубен артикул Източник на класификационната схема Код за повреда Коз за рестрикции Код за отдаване Артикулен № Име на библиотеката - собственик Име на библиотеката, в която се намира в момента Статус (Текущо местоположение) Дата на вписване в системата Местоположение - отдел Цена в лева Инвентарен номер Систематично азбучна сигнатура Баркод Номер на екземпляра Цена в евро Служебна бележка Служебен тип на артикула
  Не е изгубен Universal Decimal Classification Не е повреден без рестрикции ползва се в читалня 42133 Регионална библиотека "Любен Каравелов" Русе Регионална библиотека "Любен Каравелов" Русе Хранилище 2001-01-01 Хранилище 0.00 649356 Цб 201121 120000649356 1 0.00 Дата: 01.01.1998 Книги
  Не е изгубен Universal Decimal Classification Не е повреден без рестрикции заемане за дома 42134 Регионална библиотека "Любен Каравелов" Русе Регионална библиотека "Любен Каравелов" Русе Заемна - подръчен фонд 2001-01-01 Заемна - подръчен фонд 5.00 657149 П 32/К 90 Б 120000657149 2 2.56 Дата: 01.01.1998 Дата инв: 02.02.2018 Бележки инв: П2018 Книги
Изтеглен Не е изгубен Universal Decimal Classification Не е повреден без рестрикции заемане за дома 42135 Регионална библиотека "Любен Каравелов" Русе Регионална библиотека "Любен Каравелов" Русе Заемна - подръчен фонд 2001-01-01 Заемна - подръчен фонд 5.00 657150 П 32/К 90 Б 657150 3 2.56 Дата: 01.01.1998 Дата инв: 02.02.2018 Бележки инв: П2018 Книги
Vip Innovations Ltd, Rousse, Bulgaria 2025